| 000 | 00482nam a2200169Ia 4500 | ||
|---|---|---|---|
| 008 | 090201s9999 xx 000 0 und d | ||
| 010 | _aKPL-40019 | ||
| 040 | _bमराठी | ||
| 041 | _aमराठी | ||
| 082 |
_a23367 _b40019 |
||
| 100 | _aअशोक थोरे | ||
| 245 |
_aसौदा _cअशोक थोरे |
||
| 260 |
_c2004 _bदिलीपराज प्रकाशन |
||
| 300 |
_a204 _bमोठा |
||
| 600 | _aसौदा | ||
| 942 | _cBOOK | ||
| 999 |
_c222844 _d222844 |
||